000 01130nam0a2200313 4500
001 RU\NLR\BIBL_A\022545308
005 20250801120554.0
010 _a978-5-00252-098-5
_92000
021 _aRU
_bКН-П-25-018168
_9КН-П-25-1843
035 _a(NLR Aleph) 022545308
090 _a13461400
_c13461400
100 _a20250520d2025 u y0rusy50 ca
101 1 _arus
_ceng
102 _aRU
105 _ao z 000ay
181 0 _ai
_baxxe
182 0 _an
200 1 _aБудет больно
_fСтефани Вробель
_g[перевод с английского Веры Анисимовой]
203 _aТекст
_bвизуальный
_cнепосредственный
210 _aМосква
_cКлевер-Медиа-Групп, Trendbooks
_d2025
215 _a509, [1] с.
_cил.
_d21
225 1 _aTrendbooks thriller
686 1 _aШ6(7США)67-446{Лх1979-60}
700 1 _7ca
_8rus
_aВробель
_bС.
_f1987-
_gСтефани
_9231776
_3RU\NLR\AUTH\770231832
942 _cBOOK
980 _aNB